| 000 | 00678nam a2200229 a 4500 | ||
|---|---|---|---|
| 005 | 20260322212023.0 | ||
| 008 | data | ||
| 010 | _a92-029593 | ||
| 020 | _a1555610498 | ||
| 020 | _a9781555610494 | ||
| 040 | _aDonation | ||
| 092 | _a155.9 D45 1992 | ||
| 100 | 1 |
_aDeits, Bob, _d1933- |
|
| 245 | 1 | 0 |
_aLife after loss : _ba personal guide dealing with death, divorce, job change, and relocation / _cBob Deits. |
| 260 |
_aTucson, Ariz. _bFisher Books _cc1992 |
||
| 300 |
_axv, 238 p. : _b ill. ; _c 23 cm. |
||
| 500 | _aIncludes bibliographical references (p. 230-232) and index. | ||
| 650 | 2 |
_aBereavement _xhistory |
|
| 650 | 4 | _aLoss (Psychology). | |
| 650 | 2 | _aGrief | |
| 001 | data | ||
| 999 |
_c530 _d530 |
||